000 00407nam a2200169Ia 4500
005 20240823043808.0
008 240823s9999||||xx |||||||||||||| ||und||
041 _aENGLISH
082 _A621.4021 P8
100 _aRamachandran S
245 0 _aApplied Thermodynamics
250 _a1st
260 _c2008
_bSooraj Publica
500 _aTRANSFERED
650 _aThermodynamics
_bMechanical
942 _cBK
999 _c211054
_d211054